000 00575nam a2200229Ia 4500
003 OSt
005 20220928151320.0
006 a|||||r|||| 00| 0
007 ta
008 220927b |||||||| |||| 00| 0 eng d
024 _a123166
037 _cTextual
040 _aSDCL
_cSDCL
_beng
041 _2eng
_aeng
082 _aB280bS, M4
100 _aChadha N K
_9411040
245 0 _aStatistical methods in psychology .
260 _c1984
700 _a Sehgal R L
942 _hB280bS, M4
_cTEXL
_2CC
999 _c851039
_d851039